| 000 | 00963nam a2200241Ia 4500 | ||
|---|---|---|---|
| 003 | OSt | ||
| 005 | 20250505120712.0 | ||
| 008 | 200804s2002 ck ||||er|||| 00| f spa d | ||
| 020 | _a9580467544 | ||
| 040 |
_aCO-JMCR _cCO-JMCR |
||
| 041 | _aspa | ||
| 082 | 0 | 4 |
_aA-N _bWELm |
| 100 | 1 |
_aWells, H.G. _eautor _98306 |
|
| 245 | 1 | 0 |
_aLa máquina del tiempo / _cH.G. Wells ; traductor Iván Hernández A. |
| 250 | _aSegunda edición | ||
| 260 |
_aBogotá : _bEditorial Norma, _c2002 |
||
| 300 |
_a106, 89 páginas ; _c 21 cm. |
||
| 500 | _aCon: A propósito de H.G. Wells y su obra. | ||
| 520 | _a«Fue la primera novela del considerado por algunos como "padre" de la ciencia-ficción y con su mezcla de aventuras y doctrina social y política alcanzó un notable éxito, contribuyendo así a la estabilidad de Wells, que a partir de ese momento pudo dedicar | ||
| 650 | 1 | 4 |
_aNovela inglesa _9193 |
| 700 |
_aHernández, Ivan, _etraductor _98307 |
||
| 942 |
_2ddc _cBK |
||
| 999 |
_c3464 _d3464 |
||